All Countries of the World by Number of Bird Species - Statistics

General Stats
  • This quiz has been taken 242 times
  • The average score is 71 of 196
Answers on the Map
Answers color-coded by a green-red scale on the quiz's map according to % correct below.
 
Answer Stats
👇 Country 🐦 % Correct
1 C Colombia 1917
98%
3 B Brazil 1864
96%
2 P Peru 1892
96%
6 B Bolivia 1446
93%
5 E Ecuador 1684
93%
4 I Indonesia 1791
93%
7 V Venezuela 1420
93%
8 C China 1330
91%
9 I India 1271
87%
12 K Kenya 1127
83%
11 M Mexico 1137
83%
16 U United States 1036
83%
15 A Argentina 1041
80%
10 D Dem. Rep. of the Congo 1155
80%
18 T Thailand 987
80%
16 U Uganda 1036
80%
26 V Vietnam 866
80%
13 T Tanzania 1103
78%
34 Z Zambia 772
76%
23 N Nigeria 926
74%
19 P Panama 981
74%
28 A Australia 833
72%
14 M Myanmar 1090
72%
22 C Cameroon 951
70%
27 E Ethiopia 852
70%
37 H Honduras 739
70%
20 A Angola 956
67%
31 G Guyana 805
67%
32 M Malaysia 787
65%
29 S South Africa 832
65%
47 Z Zimbabwe 666
65%
24 C Costa Rica 895
63%
40 L Laos 721
63%
33 P Papua New Guinea 780
63%
43 R Russia 712
61%
21 S Sudan 955
61%
36 G Ghana 741
59%
35 G Guatemala 742
59%
65 J Japan 593
59%
41 M Mozambique 717
59%
25 N Nepal 870
59%
42 N Nicaragua 716
59%
30 S South Sudan 820
59%
39 I Ivory Coast 723
57%
45 P Paraguay 707
57%
44 S Suriname 711
57%
38 C Central African Republic 737
54%
46 R Rwanda 683
54%
90 O Oman 480
52%
57 P Philippines 647
48%
55 R Rep. of the Congo 656
48%
70 U United Kingdom 562
48%
78 F France 522
46%
47 G Guinea 666
46%
65 L Liberia 593
46%
62 M Mali 619
46%
58 S Sierra Leone 645
46%
50 S Somalia 665
46%
112 Y Yemen 421
46%
53 G Gabon 659
43%
76 I Iran 527
43%
54 P Pakistan 658
43%
60 S Senegal 631
43%
60 T Togo 631
43%
188 V Vatican City 102
43%
68 B Botswana 581
41%
63 C Canada 615
41%
52 M Malawi 662
41%
51 B Bangladesh 663
39%
59 B Burundi 634
39%
74 C Cambodia 545
39%
71 C Chad 554
39%
111 J Jordan 422
39%
84 K Kazakhstan 494
39%
56 N Namibia 646
39%
160 Q Qatar 287
39%
100 U Uruguay 448
39%
187 V Vanuatu 124
39%
47 B Bhutan 666
37%
85 C Chile 493
37%
87 I Italy 484
37%
193 N Nauru 55
37%
81 N Niger 507
37%
73 S Spain 550
37%
194 T Tuvalu 49
37%
64 B Benin 596
35%
87 G Germany 484
35%
116 I Iraq 410
35%
192 K Kiribati 79
35%
80 P Portugal 513
35%
196 S San Marino 22
35%
190 T Tonga 84
35%
78 E El Salvador 522
33%
69 E Eritrea 570
33%
86 G Guinea-Bissau 490
33%
77 I Israel 526
33%
75 M Mauritania 540
33%
195 M Monaco 35
33%
97 T Turkey 454
33%
100 U United Arab Emirates 448
33%
67 B Belize 583
30%
90 E Egypt 480
30%
109 F Finland 424
30%
189 M Marshall Islands 99
30%
81 A Afghanistan 507
28%
186 A Andorra 132
28%
89 B Burkina Faso 481
28%
96 D Denmark 461
28%
179 F Fiji 164
28%
165 H Haiti 277
28%
120 A Algeria 388
26%
83 E Eswatini 505
26%
180 F Fed. States of Micronesia 161
26%
71 G Gambia 554
26%
157 J Jamaica 300
26%
109 P Poland 424
26%
191 S Samoa 81
26%
93 S Saudi Arabia 471
26%
92 S Sri Lanka 479
26%
108 B Belgium 429
24%
115 I Ireland 411
24%
105 M Morocco 440
24%
102 N Netherlands 447
24%
99 S Sweden 452
24%
94 B Brunei 468
22%
158 D Dominican Republic 291
22%
95 E Equatorial Guinea 466
22%
128 H Hungary 370
22%
103 T Taiwan 446
22%
144 D Djibouti 342
20%
104 N Norway 444
20%
178 P Palau 165
20%
14 U Ukraine 352
20%
122 C Czech Republic 383
17%
173 D Dominica 227
17%
155 I Iceland 307
17%
169 L Liechtenstein 242
17%
167 L Lithuania 260
17%
164 M Madagascar 278
17%
118 M Mongolia 404
17%
113 S South Korea 420
17%
97 T Trinidad and Tobago 454
17%
127 U Uzbekistan 371
17%
114 A Austria 412
15%
117 B Bulgaria 405
15%
183 C Comoros 145
15%
107 G Greece 433
15%
182 G Grenada 152
15%
162 K Kosovo 280
15%
140 K Kyrgyzstan 353
15%
146 L Libya 331
15%
175 S Saint Kitts and Nevis 218
15%
143 S Slovakia 347
15%
176 S St Vincent and the Grenadines 217
15%
121 S Switzerland 384
15%
131 C Cuba 368
13%
168 E East Timor 259
13%
185 M Mauritius 136
13%
133 N New Zealand 363
13%
173 S Saint Lucia 227
13%
125 T Turkmenistan 378
13%
135 A Azerbaijan 359
11%
148 B Bahamas 326
11%
166 B Barbados 265
11%
153 B Belarus 312
11%
181 C Cape Verde 153
11%
159 E Estonia 288
11%
154 G Georgia 308
11%
147 L Latvia 327
11%
161 L Luxembourg 284
11%
132 R Romania 364
11%
123 S Serbia 381
11%
105 S Singapore 440
11%
141 S Slovenia 352
11%
128 T Tunisia 370
11%
151 A Albania 317
9%
171 A Antigua and Barbuda 238
9%
155 A Armenia 307
9%
150 B Bosnia and Herzegovina 318
9%
126 L Lebanon 374
9%
149 L Lesotho 321
9%
123 M Montenegro 381
9%
134 N North Korea 360
9%
184 S São Tomé and Príncipe 142
9%
162 S Solomon Islands 280
9%
119 S Syria 395
9%
136 T Tajikistan 357
9%
151 B Bahrain 317
7%
130 C Croatia 369
7%
139 C Cyprus 356
7%
136 K Kuwait 357
7%
177 M Maldives 167
7%
170 M Moldova 241
7%
145 N North Macedonia 337
7%
136 M Malta 357
4%
172 S Seychelles 236
4%
No matching quizzes found
Score Distribution
Percent of People with Each Score
Percentile by Number Answered
Your Score History
You have not taken this quiz